Identify the Slavic Language - Statistics

General Stats
  • This quiz has been taken 84 times
  • The average score is 9 of 15
Answer Stats
Hint Answer % Correct
Wszyscy ludzie rodzą się wolni i równi pod względem swej godności i swych praw. Polish
99%
Bсички хора се раждат свободни и равни по достойнство и права. Bulgarian
81%
Vsi ljudje se rodijo svobodni ter imajo enako dostojanstvo in pravice. Slovenian
81%
Sva ljudska bića rađaju se slobodna i jednaka u dostojanstvu i pravima. Bosnian/Croatian
77%
Все люди рождаются свободными и равными в своем достоинстве и правах. Russian
77%
Všichni lidé rodí se svobodní a sobě rovní co do důstojnosti a práv. Czech
73%
Cвa људскa бићa рaђajу сe слoбoднa и jeднaкa у дoстojaнству и прaвимa. Serbian/Montenegrin
73%
Всі люди народжуються вільними і рівними у своїй гідності та правах. Ukrainian
71%
Všetci ľudia sa rodia slobodní a sebe rovní, v ich dôstojnosti a právach. Slovak
67%
Ситe чoвeчки суштeствa сe рaѓaaт слoбoдни и eднaкви пo дoстoинствo и прaвa. Macedonian
62%
Вшыткы люде ся родять як слободны і рівны в достойности і правах. Rusyn
37%
Wšyjske ludźe rodzům śe swobodne a růwne we swojim werće a prawach. Silesian
36%
Wšitcy čłowjekojo su wot naroda swobodni a su jenacy po dostojnosći a prawach. Sorbian
32%
Wszëtczi lëdze rodzą sã wòlny ë równy w swòji czëstnoce ë swòjich prawach. Kashubian
31%
Усе людзi нараджаюцца свабоднымi i роўнымi ў сваёй годнасцi i правах. Belorussian
12%
No matching quizzes found
Score Distribution
Percent of People with Each Score
Percentile by Number Answered
Your Score History
You have not taken this quiz